Was It Ever a Capital? Quiz Stats

Quiz Updated Jan 28, 2016

Challenge
Share
Tweet
Embed
Score 0/38 Timer 06:00
0 Plays Today
City Y or N % Correct
Saint Petersburg (Russia)???
81.4%
Lagos (Nigeria)???
80%
Colombo (Sri Lanka)???
79.4%
Dar es Salaam (Tanzania)???
75.7%
Birmingham (United Kingdom)???
74.9%
Kyoto (Japan)???
74.4%
Rio de Janeiro (Brazil)???
72.7%
Abidjan (Côte d'Ivoire)???
70.8%
Philadelphia (United States)???
69.6%
Yangon (Myanmar)???
69.6%
Galway (Ireland)???
68.3%
Vancouver (Canada)???
67.7%
Almaty (Kazakhstan)???
67.1%
Kraków (Poland)???
64.9%
Perth (Australia)???
64.7%
Lyon (France)???
63.9%
Auckland (New Zealand)???
61.7%
Monterrey (Mexico)???
61.2%
Calcutta (India)???
61%
City Y or N % Correct
Busan (South Korea)???
54.3%
Koror (Palau)???
53.7%
Utrecht (Netherlands)???
52.6%
Kandahar (Afghanistan)???
52%
Valparaíso (Chile)???
50.6%
Guayaquil (Ecuador)???
50.3%
Granada (Nicaragua)???
49.4%
Durban (South Africa)???
47.8%
Kolonia (Micronesia)???
47.5%
Salalah (Oman)???
45.7%
Rawalpindi (Pakistan)???
43.9%
Shanghai (China)???
41.2%
Uppsala (Sweden)???
40.6%
Dubai (United Arab Emirates)???
39%
Aleppo (Syria)???
39%
Geneva (Switzerland)???
38.3%
Chongqing (China)???
38.2%
Freeport (Bahamas)???
33.4%
Casablanca (Morocco)???
30.2%

You're not logged in!

Compare scores with friends on all Sporcle quizzes.
Sign Up with Email
OR
Log In

You Might Also Like...

Show Comments

Extras

Top Quizzes Today


Score Distribution

Your Account Isn't Verified!

In order to create a playlist on Sporcle, you need to verify the email address you used during registration. Go to your Sporcle Settings to finish the process.